000 01882cam a22004218i 4500
001 23608490
005 20250709151223.0
008 240315t20242024pau b 001 0 eng
010 _a 2024008423
020 _a9781512825237
_q(hardcover)
035 _a23608490
040 _aPU/DLC
_beng
_erda
_cDLC
_dDLC
042 _apcc
050 0 0 _aJZ6374
_b.H45 2024
082 0 0 _a341.584
_223/eng/20240322
_bHEN 2024
100 1 _aHenry, Marsha,
_eauthor.
_9129531
245 1 4 _aThe end of peacekeeping :
_bgender, race, and the martial politics of intervention /
_cMarsha Henry.
250 _a1st edition.
263 _a2406
264 1 _aPhiladelphia :
_bUniversity of Pennsylvania Press,
_c[2024]
264 4 _c©2024
300 _apages cm
_bphtotcopy
336 _atext
_btxt
_2rdacontent
337 _aunmediated
_bn
_2rdamedia
338 _avolume
_bnc
_2rdacarrier
504 _aIncludes bibliographical references and index.
520 _a"In The End of Peacekeeping, Marsha Henry returns to feminist, postcolonial and anti-militarist frameworks to expose peacekeeping as an epistemic power project in need of abolition. Drawing on critical concepts from Black feminist thought, and from postcolonial and critical race theories, Henry shows how contemporary peacekeeping produces gender and racial inequalities through increasingly militarized strategies"--
_cProvided by publisher.
650 0 _aPeacekeeping forces
_xMoral and ethical aspects.
_9129532
650 0 _aHumanitarian intervention
_xMoral and ethical aspects.
_9129533
650 0 _aPower (Social sciences)
_911467
650 0 _aGender in conflict management.
_9129534
650 0 _aWomen
_xSocial conditions.
_936422
650 0 _aRace discrimination.
_9129535
650 0 _aMilitarism.
_948779
906 _a7
_bcbc
_corignew
_d1
_eecip
_f20
_gy-gencatlg
942 _2ddc
_cBK
999 _c614170
_d614170